000 01166cam a2200337 i 4500
001 20677485
003 JO-AjAnu
005 20240430131724.0
008 180921s2020 nyua b 001 0 eng
010 _a 2018044934
020 _a9781605357058
_q(hardcover)
040 _aDLC
_beng
_cDLC
_erda
_dDLC
_dJO-AjAnu
041 0 _aeng
_heng
042 _apcc
050 0 0 _aBF455
_b.S3134 2020
082 0 0 _a401/.9
_223
100 1 _aSedivy, Julie,
_eauthor.
245 1 0 _aLanguage in mind :
_ban introduction to psycholinguistics /
_cJulie Sedivy, University of Calgary.
250 _aSecond edition.
264 1 _aNew York :
_bOxford University Press,
_c[2020]
300 _axii, 657 pages :
_billustrations ;
_c29 cm
336 _atext
_btxt
_2rdacontent
337 _aunmediated
_bn
_2rdamedia
338 _avolume
_bnc
_2rdacarrier
504 _aIncludes bibliographical references (pages 622-638) and index.
650 0 _aPsycholinguistics.
650 0 _aCognition.
906 _a7
_bcbc
_corignew
_d1
_eecip
_f20
_gy-gencatlg
942 _2lcc
_cBK
_n0
999 _c33478
_d33478